Giáo trình học tập trong hoạt động và bằng hoạt động

Giáo trình trình bày lý thuyết hoạt động và hoạt động dạy học, động cơ học tập, hành động học tập, các mô hình cơ bản trong dạy và học môn toán,...

Gardado en:
Detalles Bibliográficos
Autor Principal: Nguyễn, Phú Lộc
Formato: Libro
Idioma:Undetermined
Publicado: Cần Thơ Trường Đại học Cần Thơ 2008
Những chủ đề:
Các nhãn: Engadir etiqueta
Sen Etiquetas, Sexa o primeiro en etiquetar este rexistro!
Thư viện lưu trữ: Trung tâm Học liệu Trường Đại học Cần Thơ
LEADER 00956nam a2200205Ia 4500
001 CTU_143169
008 210402s9999 xx 000 0 und d
082 |a 510.71 
082 |b L451 
100 |a Nguyễn, Phú Lộc 
245 0 |a Giáo trình học tập trong hoạt động và bằng hoạt động 
245 0 |c Nguyễn Phú Lộc 
260 |a Cần Thơ 
260 |b Trường Đại học Cần Thơ 
260 |c 2008 
520 |a Giáo trình trình bày lý thuyết hoạt động và hoạt động dạy học, động cơ học tập, hành động học tập, các mô hình cơ bản trong dạy và học môn toán,... 
650 |a Mathematics,Toán học,Toán học,Mathematics 
650 |x Psychological aspects.,Dạy và học,Khía cạnh tâm lý học,Study and teaching 
904 |i Năm 
980 |a Trung tâm Học liệu Trường Đại học Cần Thơ